| 000 | 00749nam a2200181 a 4500 | ||
|---|---|---|---|
| 003 | 0 | ||
| 005 | 20250620094101.0 | ||
| 008 | 021120s19uu xx 00 eng d | ||
| 050 |
_aPHS LB 3013 _b.T86 2000 |
||
| 100 | _aTung, Chih-Yun. | ||
| 245 |
_aA Comparison of the perceptions of the teachers and selected high school students on classroom management applied in Southville International School / _cChih- Yun Tung. |
||
| 260 |
_aLas PiƱas City, Philippines : _bSouthville International School and Colleges, _c2000. |
||
| 300 |
_a46 pages : _billustrations ; _c28 cm. |
||
| 504 | _aIncludes bibliographical references. | ||
| 650 |
_aClassroom management _zPhilippines. |
||
| 650 |
_aTeacher-student relationships _zPhilippines. |
||
| 942 |
_2lcc _cPASS |
||
| 999 |
_c96298 _d96298 |
||